000 00253nam a2200097Ia 4500
001 719889
005 20250826163221.0
008 250824s9999 xx 000 0 und d
245 0 _aGERİYE DÖNENLER
_cGÜLTEN DAYIOĞLU
260 _bALTIN KİTAPLAR YAYINLARI
999 _c719889
_d719889